000 00353nam a22001337a 4500
020 _a978-0-07-015370-7
082 _a510
_bDUB/Q
100 _aMANOJ DUBEY
245 _aQUESTION BANK SERIES FOR MATHEMATICS
_bCLASS XII
260 _aDELHI
_bTATA McGRAW HILL PUBLICATIONS
300 _a512
650 _aMATHS QUESTION BANK FOR CLASS XII
_zINDIA
942 _cBK
999 _c658
_d658